| 000 | 00623nam a2200193 i 4500 | ||
|---|---|---|---|
| 001 | 49098 | ||
| 003 | ES-MaACL | ||
| 005 | 20230906161902.0 | ||
| 007 | t| | ||
| 008 | 030707s1925 sp a ||||1|bspa d | ||
| 080 | _a929 Suárez Couto, Amando | ||
| 080 | _a7 Suárez Couto, Amando | ||
| 100 | 1 |
_aCorrea Calderón, Evaristo. _940752 |
|
| 245 | 1 | 3 |
_aEl arte racial de Suárez Couto _b: con dos dibujos y dieciséis reproducciones de sus obras / _cE. Correa-Calderón. |
| 260 |
_aLugo : _bRonsel, _c1925. |
||
| 300 |
_a32 p. : _bil. ; _c23 cm. |
||
| 600 | 1 | 4 |
_aSuárez Couto, Amando. _9148187 |
| 852 |
_aES-MaACL _j1686-F-12 |
||
| 999 |
_c49098 _d49098 |
||